000 00391nam a2200133Ia 4500
008 220805s9999 xx 000 0 und d
041 _aeng
082 _a428.1
100 _aBabu, Prabhakar B.A.
_986765
260 _aHyderabad
_bCentral Institute of English and foreign languages
_c1993
245 _aTeaching spoken english in colleges
300 _a138
650 _aEnglish Languages
_986766
999 _c47648
_d47648